000
00321nam a22001337a 4500
008
170821b xxu||||| |||| 00| 0 eng d
020
_a
0697122905
041
_a
eng
080
_2
2ND
_a
51
100
_a
51
101
_a
MAT
245
_a
PRINCIPLES OF ELEMENTARY ALGEBRA WITH APPLICATIONS
_c
NUSTAD,H,L
942
_2
udc
_c
BK
999
_c
24340
_d
24340